| 000 | 00681nam a2200265Ia 4500 | ||
|---|---|---|---|
| 001 | 8274 | ||
| 005 | 20240113234059.0 | ||
| 007 | ta | ||
| 008 | 050718s1983 a g b000 u eng u | ||
| 020 | _a0-06-042579-2 | ||
| 040 | _aCotton College,Assam | ||
| 041 | _aeng | ||
| 082 |
_a910 _bHa 12 Ge |
||
| 100 | _aHaggett, Peter . | ||
| 245 | 0 |
_aGeography: A Modern Synthesis / _cPeter Haggett. _hTextual Documents |
|
| 250 | _a1st ed. / | ||
| 260 |
_aNew York : _bHarper and Row , _c1983. |
||
| 300 |
_axii,641p. : _bill ; _c23cm . |
||
| 504 | _aIndex | ||
| 653 | _aGeography | ||
| 653 | _aPG-Geography | ||
| 942 |
_2ddc _cBK |
||
| 999 |
_c8261 _d8261 |
||